000 00368nam a2200157Ia 4500
003 OSt
005 20240101100743.0
008 170524s9999 xx 000 0 und d
020 _a9788121932455
040 _cIIMT UNIVERSITY
100 _aBerron Alex
245 0 _aData warehousing Data Mining & OLAP
260 _bTMH New Delhi
260 _c2007
942 _2ddc
_c02
999 _c4709
_d4709